000 00324nam a22001457a 4500
008 210305b ||||| |||| 00| 0 eng d
020 _a9780874775136
041 _aeng
080 _a7
082 _a7
100 _a44
101 _aART
245 _aDrawing on the Right Side of the Brain
_cEdwards,B
942 _2udc
_cBK
999 _c55830
_d55830